2022: NFL Teams with the Most Points - Statistics

General Stats
  • This quiz has been taken 34 times
  • The average score is 9 of 10
Answer Stats
Number of points NFL Team % Correct
496 Kansas City Chiefs
100%
455 Buffalo Bills
97%
467 Dallas Cowboys
94%
477 Philadelphia Eagles
94%
418 Cincinnati Bengals
90%
424 Minnesota Vikings
87%
450 San Francisco 49ers
84%
407 Seattle Seahawks
84%
453 Detroit Lions
81%
404 Jacksonville Jaguars
77%
No matching quizzes found
Score Distribution
Percent of People with Each Score
Percentile by Number Answered
Your Score History
You have not taken this quiz